000 00357 a2200157 4500
001 58568
020 _a9788516055738
040 _cAnchieta - Pituba
100 _aNesbit, Edith
240 1 0 _aOs meninos e o trem de ferro
_lpor
245 1 0 _aOs meninos e o trem de ferro
300 _a294
362 0 _a2007
650 4 _aLiteratura juvenil
942 _cBK
999 _c58568
_d58568